Построение молекулярно-динамической модели для исследования процесса соединения материала на атомном уровне по схеме, имитирующей сварку трением с перемешиванием; Перспективные материалы с иерархической структурой для новых технологий и надежных конструкций

Bibliografski detalji
Parent link:Перспективные материалы с иерархической структурой для новых технологий и надежных конструкций.— 2017.— [С. 547-549]
Glavni autor: Коноваленко И. С. Иван Сергеевич
Autori kompanije: Национальный исследовательский Томский политехнический университет (ТПУ) Институт физики высоких технологий (ИФВТ) Кафедра теоретической и прикладной механики (ТПМ), Национальный исследовательский Томский политехнический университет (ТПУ) Институт физики высоких технологий (ИФВТ) Кафедра физики высоких технологий в машиностроении (ФВТМ)
Daljnji autori: Коноваленко И. С. Игорь Сергеевич, Псахье С. Г. Сергей Григорьевич
Sažetak:Заглавие с экрана
Jezik:ruski
Izdano: 2017
Serija:Сварка, родственные процессы и технологии для создания технических систем ответственного и специального назначения, в том числе для эксплуатации в экстремальных условиях и низких климатических температур Арктики и Крайнего Севера
Teme:
Online pristup:http://www.ispms.ru/files/Conference/2017_m/sb_tez_2017.pdf#page=548
Format: Elektronički Poglavlje knjige
KOHA link:https://koha.lib.tpu.ru/cgi-bin/koha/opac-detail.pl?biblionumber=657069

MARC

LEADER 00000nla2a2200000 4500
001 657069
005 20240226113407.0
035 |a (RuTPU)RU\TPU\network\23549 
035 |a RU\TPU\network\23547 
090 |a 657069 
100 |a 20171226d2017 k y0rusy50 ca 
101 0 |a rus 
102 |a RU 
105 |a a z 101zy 
135 |a drgn ---uucaa 
181 0 |a i  
182 0 |a b 
200 1 |a Построение молекулярно-динамической модели для исследования процесса соединения материала на атомном уровне по схеме, имитирующей сварку трением с перемешиванием  |f И. С. Коноваленко, И. С. Коноваленко, С. Г. Псахье 
203 |a Текст  |c электронный 
225 1 |a Сварка, родственные процессы и технологии для создания технических систем ответственного и специального назначения, в том числе для эксплуатации в экстремальных условиях и низких климатических температур Арктики и Крайнего Севера 
300 |a Заглавие с экрана 
320 |a [Библиогр.: с. 549 (1 назв.)] 
463 1 |0 (RuTPU)RU\TPU\network\23304  |t Перспективные материалы с иерархической структурой для новых технологий и надежных конструкций  |o тезисы докладов Международной конференции, 9-13 октября 2017 г., Томск  |f Российская академия наук (РАН), Сибирское отделение (СО), Институт физики прочности и материаловедения (ИФПМ)  |v [С. 547-549]  |d 2017 
610 1 |a электронный ресурс 
610 1 |a труды учёных ТПУ 
610 1 |a молекулярно-динамические модели 
610 1 |a соединения 
610 1 |a материалы 
610 1 |a атомные уровни 
610 1 |a схемы 
610 1 |a сварка трением с перемешиванием 
610 1 |a массоперенос 
700 1 |a Коноваленко  |b И. С.  |c физик  |c доцент Томского политехнического университета, кандидат физико-математических наук  |f 1980-  |g Иван Сергеевич  |3 (RuTPU)RU\TPU\pers\37484  |9 20371 
701 1 |a Коноваленко  |b И. С.  |c физик  |c доцент Томского политехнического университета, кандидат физико-математических наук  |f 1980-  |g Игорь Сергеевич  |3 (RuTPU)RU\TPU\pers\35774  |9 18931 
701 1 |a Псахье  |b С. Г.  |c физик  |c заведующий лабораторией, советник ректора, заведующий кафедрой Томского политехнического университета, доктор физико-математических наук  |f 1952-  |g Сергей Григорьевич  |3 (RuTPU)RU\TPU\pers\25589 
712 0 2 |a Национальный исследовательский Томский политехнический университет (ТПУ)  |b Институт физики высоких технологий (ИФВТ)  |b Кафедра теоретической и прикладной механики (ТПМ)  |3 (RuTPU)RU\TPU\col\18695 
712 0 2 |a Национальный исследовательский Томский политехнический университет (ТПУ)  |b Институт физики высоких технологий (ИФВТ)  |b Кафедра физики высоких технологий в машиностроении (ФВТМ)  |3 (RuTPU)RU\TPU\col\18687 
801 1 |a RU  |b 63413507  |c 20101016 
801 2 |a RU  |b 63413507  |c 20171226  |g RCR 
856 4 |u http://www.ispms.ru/files/Conference/2017_m/sb_tez_2017.pdf#page=548 
942 |c CF